000
00232nam a2200097Ia 4500
008
230915s9999 xx 000 0 und d
050
_a
KD 1715 P34 2007 1
100
_a
HAPGOOD,MARK
245
0
_a
PAGETS LAW OF BANKING
942
_c
BK
999
_c
162656
_d
162656